[Event "Ekaterinburg 02"]
[Site "Ekaterinburg"]
[Date "2009.02.??"]
[Round "3"]
[White "Motyliov, Anatoly"]
[Black "Pakhomov, Alexey"]
[Result "0-1"]
[WhiteElo "2241"]
[BlackElo "2440"]
[PlyCount "88"]
[EventDate "2009.02.25"]
[EventType "tourn"]
[EventRounds "11"]
[EventCountry "RUS"]
[EventCategory "2"]
[SourceTitle "EXT 2022"]
[Source "ChessBase"]
[SourceDate "2021.10.06"]
[SourceVersion "1"]
[SourceVersionDate "2021.10.06"]
[SourceQuality "1"]

1. d4 Nf6 2. c4 g6 3. Nc3 Bg7 4. e4 0-0 5. f4 d6 6. Nf3 c5 7. d5 e6 8. Bd3 exd5 9. cxd5 b5 10. Nxb5 Nxe4 11. Bxe4 Re8 12. 0-0 Rxe4 13. Nc3 Re8 14. Bd2 Na6 15. a3 Qb6 16. Qc2 Bf5 17. Qc1 c4+ 18. Kh1 Nc5 19. Ra2 Nb3 20. Qd1 Bd3 21. Re1 Qf2 22. Rg1 a6 23. Be1 Qc5 24. Bg3 Bxc3 25. bxc3 Qxd5 26. Rf2 f5 27. Bh4 h6 28. Rb2 Re6 29. Bf2 Rae8 30. Nd4 Nxd4 31. Bxd4 Re2 32. Rxe2 Rxe2 33. Qa4 g5 34. fxg5 hxg5 35. Qxa6 f4 36. Qc8+ Kf7 37. Qh8 Qf5 38. Qg7+ Ke6 39. Qg8+ Kd7 40. Qg7+ Kc6 41. Qh8 Be4 42. a4 f3 43. Qa8+ Kd7 44. Qa7+ Ke6 0-1

[Event "Ekaterinburg"]
[Site "Ekaterinburg"]
[Date "2007.10.10"]
[Round "7"]
[White "Motyliov, Anatoly"]
[Black "Kozlov, Oleg"]
[Result "1/2-1/2"]
[WhiteElo "2236"]
[BlackElo "2152"]
[PlyCount "37"]
[EventDate "2007.10.04"]
[EventType "tourn"]
[EventRounds "11"]
[EventCountry "RUS"]
[EventCategory "1"]
[SourceTitle "EXT 2009"]
[Source "ChessBase"]
[SourceDate "2008.11.26"]
[SourceVersion "1"]
[SourceVersionDate "2008.11.26"]
[SourceQuality "1"]

1. d4 d5 2. c4 e6 3. Nc3 Nf6 4. e3 c5 5. Nf3 Nc6 6. a3 Be7 7. dxc5 dxc4 8. Qxd8+ Nxd8 9. Bxc4 Bxc5 10. b4 Be7 11. Bb2 Nc6 12. Rd1 a6 13. Ke2 0-0 14. h3 b5 15. Bb3 Bb7 16. Rd2 Rad8 17. Rhd1 Rxd2+ 18. Rxd2 Rd8 19. Rxd8+ 1/2-1/2

[Event "Ekaterinburg 07"]
[Site "Ekaterinburg"]
[Date "2007.07.20"]
[Round "1"]
[White "Motyliov, Anatoly"]
[Black "Kozlov, Oleg"]
[Result "1/2-1/2"]
[WhiteElo "2231"]
[BlackElo "2157"]
[PlyCount "38"]
[EventDate "2007.07.20"]
[EventType "tourn"]
[EventRounds "11"]
[EventCountry "RUS"]
[EventCategory "1"]
[SourceTitle "EXT 2022"]
[Source "ChessBase"]
[SourceDate "2021.10.06"]
[SourceVersion "1"]
[SourceVersionDate "2021.10.06"]
[SourceQuality "1"]

1. d4 d5 2. c4 e6 3. Nc3 Nf6 4. Nf3 Nbd7 5. e3 c6 6. Qc2 Qa5 7. Bd2 Qd8 8. Be2 Be7 9. 0-0 0-0 10. e4 dxe4 11. Nxe4 b6 12. Bd3 Bb7 13. Rfe1 c5 14. Bc3 Nxe4 15. Bxe4 Bxe4 16. Qxe4 Nf6 17. Qe2 cxd4 18. Nxd4 Rc8 19. Rad1 Qc7 1/2-1/2

[Event "RUS-Cup5"]
[Site "Ekaterinburg"]
[Date "1997.??.??"]
[Round "1"]
[White "Filippov, Valerij"]
[Black "Motyliov, Anatoly"]
[Result "1-0"]
[WhiteElo "2510"]
[BlackElo "2330"]
[PlyCount "93"]
[EventDate "1997.02.13"]
[EventType "swiss"]
[EventRounds "9"]
[EventCountry "RUS"]
[SourceTitle "CBM 057 Extra"]
[Source "ChessBase"]
[SourceDate "1997.05.01"]
[SourceVersion "1"]
[SourceVersionDate "1997.05.01"]
[SourceQuality "1"]

1. Nf3 c5 2. c4 Nc6 3. d4 cxd4 4. Nxd4 g6 5. e4 Bg7 6. Be3 d6 7. Nc3 Nf6 8. Be2 Bd7 9. 0-0 0-0 10. Qd2 Re8 11. Rfd1 Ng4 12. Nxc6 bxc6 13. Bd4 Bh6 14. Qd3 c5 15. Bxc5 Ne5 16. Qg3 Rc8 17. Bxa7 Nxc4 18. Bxc4 Rxc4 19. Qd3 Rb4 20. b3 Bg4 21. f3 Qa5 22. Be3 Bxe3+ 23. Qxe3 Be6 24. Ne2 Rc8 25. Nd4 Bd7 26. a3 Rbb8 27. b4 Qb6 28. Rac1 Ba4 29. Re1 e5 30. Rxc8+ Rxc8 31. Nf5 Qxe3+ 32. Nxe3 Rc3 33. Nd5 Rxa3 34. Rb1 Bb5 35. Nc7 Bd3 36. Rb2 Rc3 37. Ne8 f5 38. b5 f4 39. h4 Rc1+ 40. Kh2 Rc8 41. Nxd6 Rd8 42. b6 Rxd6 43. b7 Rd8 44. b8Q Rxb8 45. Rxb8+ Kg7 46. Rb7+ Kf6 47. Rxh7 1-0

[Event "RUS-Cup5"]
[Site "Ekaterinburg"]
[Date "1997.??.??"]
[Round "7"]
[White "Motyliov, Anatoly"]
[Black "Egin, Vladimir"]
[Result "0-1"]
[WhiteElo "2330"]
[BlackElo "2425"]
[PlyCount "74"]
[EventDate "1997.02.13"]
[EventType "swiss"]
[EventRounds "9"]
[EventCountry "RUS"]
[SourceTitle "CBM 057 Extra"]
[Source "ChessBase"]
[SourceDate "1997.05.01"]
[SourceVersion "1"]
[SourceVersionDate "1997.05.01"]
[SourceQuality "1"]

1. d4 d5 2. c4 e6 3. Nc3 c5 4. e3 Nf6 5. Nf3 a6 6. a3 dxc4 7. Bxc4 b5 8. Be2 Bb7 9. 0-0 Nbd7 10. dxc5 Bxc5 11. b4 Be7 12. Bb2 0-0 13. Qb3 Qb8 14. h3 Rc8 15. Rfd1 Nb6 16. Rd4 e5 17. Rh4 h6 18. Rd1 Qc7 19. Qa2 e4 20. Nd4 Nfd5 21. Ncxb5 axb5 22. Rg4 Bf6 23. Bxb5 Nc3 24. Bxc3 Qxc3 25. Nf5 Rc7 26. Nxh6+ Kf8 27. Nf5 Rxa3 28. Qe2 Ra1 29. Kh2 Qe5+ 30. Rg3 Qxf5 31. Rxa1 Bxa1 32. Qd1 Qf6 33. Kg1 Bb2 34. Qd2 g6 35. Rg4 Rc1+ 36. Kh2 Be5+ 37. g3 Rb1 0-1